[Event "Dortmund"]
[Site "?"]
[Date "1995.??.??"]
[Round "?"]
[White "Bareev, E."]
[Black "Lobron, E."]
[Result "1-0"]
[WhiteElo "2650"]
[BlackElo "2595"]
[PlyCount "80"]
[EventDate "1995.??.??"]
[Source "ChessBase"]
[SourceDate "1995.06.01"]

1. c4 e6 2. Nc3 d5 3. d4 c5 4. cxd5 exd5 5. dxc5 d4 6. Ne4 Nc6 7. Nf3 Bf5 8. Ng3 Bg4 9. Qc2 Nf6 10. h3 d3 11. Qxd3 Qxd3 12. exd3 Bxf3 13. gxf3 Bxc5 14. Be3 Bd4 15. O-O-O Nd5 16. Nf5 Bf6 17. Bc5 b6 18. Ba3 Nd4 19. Re1+ Kd7 20. Nxd4 Bxd4 21. Re4 Rac8+ 22. Kd2 Bc5 23. Bxc5 Rxc5 24. Be2 f5 25. Rd4 Kd6 26. Bd1 Ke5 27. Ra4 Rc7 28. Bb3 Rd8 29. f4+ Kf6 30. Rc1 Rxc1 31. Kxc1 Kg6 32. Kd2 Nf6 33. Rxa7 Ne4+ 34. Ke2 Nc5 35. Bc4 Rb8 36. b4 Nb7 37. a4 Nd6 38. Rd7 Re8+ 39. Kf3 Nxc4 40. dxc4 Re4 1-0

[Event "Linares"]
[Site "?"]
[Date "1992.??.??"]
[Round "?"]
[White "Beliavsky, A."]
[Black "Illescas Cordoba, M."]
[Result "1/2-1/2"]
[WhiteElo "2620"]
[BlackElo "2555"]
[PlyCount "75"]
[EventDate "1992.??.??"]
[Source "ChessBase"]
[SourceDate "1992.02.01"]

1. d4 d5 2. c4 e6 3. Nc3 c5 4. cxd5 exd5 5. Nf3 Nc6 6. Bg5 Be7 7. Bxe7 Ngxe7 8. e3 cxd4 9. Nxd4 O-O 10. Be2 Qd6 11. O-O Rd8 12. Bf3 Be6 13. Rc1 Nxd4 14. Qxd4 Nc6 15. Qa4 Ne5 16. Be2 Nc4 17. Qc2 Qe5 18. Bf3 Rac8 19. Rfd1 b5 20. Qe2 b4 21. Na4 Qg5 22. g3 h6 23. b3 Ne5 24. Bg2 Rxc1 25. Rxc1 d4 26. f4 Qg4 27. Qxg4 Nxg4 28. exd4 Rxd4 29. Nc5 Bf5 30. Re1 h5 31. h3 Nf6 32. Kf2 g6 33. Re7 Rd2+ 34. Re2 Rd1 35. Re1 Rd2+ 36. Re2 Rd1 37. Re1 Rd2+ 38. Re2 1/2-1/2

[Event "Dubai op"]
[Site "Dubai"]
[Date "2002.04.17"]
[Round "3"]
[White "Graf, Alexander"]
[Black "Magerramov, Elmar"]
[Result "1/2-1/2"]
[WhiteElo "2623"]
[BlackElo "2551"]
[PlyCount "43"]
[EventDate "2002.04.15"]
[Source "ChessBase"]
[SourceDate "2002.05.03"]

1. d4 d5 2. c4 e6 3. Nc3 c5 4. cxd5 exd5 5. Nf3 Nc6 6. Bf4 Nf6 7. e3 Be7 8. Be2 O-O 9. O-O Be6 10. dxc5 Bxc5 11. Rc1 Rc8 12. Bg5 Be7 13. Nd4 Nxd4 14. Qxd4 Qa5 15. Rfd1 h6 16. Bh4 Rfd8 17. h3 a6 18. a3 Rc6 19. Qa7 Qc7 20. Qd4 Qa5 21. Qa7 Qc7 22. Qd4 1/2-1/2

[Event "CHN-CIS"]
[Site "Beijing"]
[Date "1991.??.??"]
[Round "?"]
[White "Lputian, Smbat G"]
[Black "Xu Jun"]
[Result "1/2-1/2"]
[WhiteElo "2570"]
[BlackElo "2535"]
[PlyCount "60"]
[EventDate "1991.??.??"]
[Source "ChessBase"]

1. d4 d5 2. c4 e6 3. Nc3 c5 4. cxd5 exd5 5. Nf3 Nc6 6. Bg5 Be7 7. Bxe7 Ngxe7 8. dxc5 d4 9. Ne4 O-O 10. Ned2 Qd5 11. Nb3 Rd8 12. g3 a5 13. Nc1 Qxc5 14. Nd3 Qb5 15. Bg2 Bf5 16. O-O Rac8 17. a3 h6 18. Qd2 a4 19. Rac1 Na5 20. Rxc8 Nxc8 21. Qf4 Nb3 22. Rd1 Ne7 23. Qc7 Qd7 24. Qxd7 Rxd7 25. Nb4 Nc8 26. h3 Nb6 27. g4 Bh7 28. Ne1 Re7 29. Kf1 Be4 30. Bxe4 Rxe4 1/2-1/2

[Event "SWE-DEN"]
[Site "?"]
[Date "1998.??.??"]
[Round "2"]
[White "Agrest Evgenij"]
[Black "Hansen Lars Bo"]
[Result "1/2-1/2"]
[WhiteElo "2535"]
[BlackElo "2570"]
[PlyCount "47"]
[EventDate "1998.??.??"]
[Source "www.chesslib.no"]
[SourceDate "2004.05.04"]

1. d4 d5 2. c4 e6 3. Nc3 c5 4. cxd5 exd5 5. Nf3 Nc6 6. Bf4 c4 7. a3 Nf6 8. e3 Be7 9. Be2 O-O 10. O-O Na5 11. Qc2 a6 12. Nd2 b5 13. Bf3 Be6 14. Rad1 Qb6 15. Be5 Bh3 16. b3 Ra7 17. bxc4 Nb3 18. Ra1 Nh5 19. cxb5 Bd6 20. Nxd5 Be7 21. Nb4 Qc6 22. Qxc6 Re8 23. Qf6 Rd7 24. Rfd1 1/2-1/2

[Event "It (Open) Cannes FRA"]
[Site "?"]
[Date "2006.02.16"]
[Round "7.3"]
[White "Ivanisevic Ivan"]
[Black "Zelcic Robert"]
[Result "0-1"]
[WhiteElo "2588"]
[BlackElo "2514"]
[PlyCount "162"]
[EventDate "2006.??.??"]
[Source "www.chesslib.no"]
[SourceDate "2004.05.04"]

1. d4 d5 2. c4 e6 3. Nc3 c5 4. cxd5 exd5 5. dxc5 d4 6. Ne4 Nc6 7. Nf3 Bf5 8. Ng3 Bg6 9. h4 h6 10. h5 Bh7 11. e4 Bxc5 12. Bd3 Bd6 13. O-O Bxg3 14. fxg3 Nge7 15. g4 f6 16. Bf4 Qd7 17. Nd2 O-O 18. Qf3 Kh8 19. a3 Rae8 20. Qg3 Nc8 21. Rae1 a6 22. b4 Rf7 23. Bc4 Rfe7 24. Bd5 Nb6 25. Bxc6 bxc6 26. Bd6 Re6 27. e5 fxe5 28. Bxe5 d3 29. Kh2 Qd5 30. Bc7 Rxe1 31. Rxe1 Rxe1 32. Qxe1 Nd7 33. Kh3 Nf6 34. Qe7 Qg5 35. Qd8+ Bg8 36. Qxd3 Nxg4 37. Qd8 Qxh5+ 38. Kg3 Nf6 39. Nf3 Qg6+ 40. Kh2 Ng4+ 41. Kg3 Nf6+ 42. Kh2 Kh7 43. Qd4 Ng4+ 44. Kg3 Nf6+ 45. Kh2 Bd5 46. Nh4 Qg5 47. Bg3 Ng4+ 48. Kh3 Ne3 49. Qd3+ Kg8 50. Kh2 Ng4+ 51. Kh3 Nf6 52. Kh2 Ne4 53. Be1 Qe5+ 54. Kg1 Qa1 55. Qe3 Qf6 56. Nf3 g5 57. Nd2 Nd6 58. Bg3 Nf7 59. Nf1 Qb2 60. Qe8+ Kg7 61. Ne3 Qb1+ 62. Kh2 Qe4 63. Qxe4 Bxe4 64. Bc7 h5 65. Nc4 Bd5 66. Ne3 Be6 67. Kg3 Kf6 68. Kf3 Bf5 69. a4 Ne5+ 70. Ke2 Be4 71. a5 Ke6 72. Bd8 Nf7 73. Bc7 h4 74. Bb6 Bf5 75. Bc7 g4 76. Bf4 Ne5 77. Nd1 Nd3 78. Bd2 h3 79. gxh3 gxh3 80. Ne3 h2 81. Nxf5 Kxf5 0-1

[Event "Spartakiade tt 8th"]
[Site "Moscow RUS"]
[Date "1983.??.??"]
[Round "9"]
[White "Petrosian, Tigran V"]
[Black "Lputian, Smbat G"]
[Result "1/2-1/2"]
[WhiteElo "2605"]
[BlackElo "2495"]
[PlyCount "55"]
[EventDate "1983.07.??"]
[Source "www.chesslib.no"]
[SourceDate "2004.05.04"]

1. d4 d5 2. c4 e6 3. Nc3 c5 4. cxd5 exd5 5. Nf3 Nc6 6. Bg5 Be7 7. Bxe7 Ngxe7 8. e3 cxd4 9. Nxd4 O-O 10. Be2 Qb6 11. Qd2 Nxd4 12. exd4 Nf5 13. Rd1 Qg6 14. g3 Be6 15. O-O Rad8 16. Qf4 Ne7 17. Rfe1 Qf5 18. Qd2 Qf6 19. f3 Rd7 20. Kg2 Rc8 21. Bd3 g6 22. Qf2 Kg7 23. Rd2 Bf5 24. Bxf5 Nxf5 25. Re5 Ne7 26. f4 Rcd8 27. g4 Kf8 28. Ne2 1/2-1/2

[Event "TCh-SCG Men"]
[Site "Budva"]
[Date "2004.09.19"]
[Round "11"]
[White "Ivanisevic, Ivan"]
[Black "Todorovic, Goran M"]
[Result "0-1"]
[WhiteElo "2544"]
[BlackElo "2540"]
[PlyCount "82"]
[EventDate "2004.09.08"]
[Source "Roberto Alvarez"]
[SourceDate "2004.09.21"]

1. d4 d5 2. c4 e6 3. Nc3 c5 4. cxd5 exd5 5. dxc5 d4 6. Ne4 Nc6 7. Nf3 Bf5 8. Ng3 Bg4 9. h3 Bxf3 10. exf3 Bxc5 11. a3 Nf6 12. Bd3 O-O 13. O-O Bb6 14. Bg5 h6 15. Bh4 Ne5 16. f4 Nxd3 17. Qxd3 Bc7 18. Qf5 Qd6 19. Bxf6 Qxf6 20. Qxf6 gxf6 21. Rad1 Rfd8 22. Nh5 f5 23. Rd3 Kf8 24. Rc1 Bb6 25. Ng3 Rd5 26. Nf1 Rb5 27. b3 Rd8 28. Nd2 Ke7 29. g3 Kf6 30. Kg2 Rc5 31. Rc4 Rxc4 32. Nxc4 Ke6 33. Kf3 h5 34. Rd1 Kd5 35. Rc1 Re8 36. Nxb6+ axb6 37. Rc7 Kd6 38. Rc4 Kd5 39. Rc7 Kd6 40. Rxf7 d3 41. Rf6+ Kc5 0-1

[Event "Yerevan"]
[Site "Erevan ARM"]
[Date "1988.??.??"]
[Round "?"]
[White "Knaak, Rainer F A"]
[Black "Lputian, Smbat G"]
[Result "0-1"]
[WhiteElo "2525"]
[BlackElo "2555"]
[PlyCount "64"]
[EventDate "1988.05.??"]
[Source "www.chesslib.no"]
[SourceDate "2004.05.04"]

1. d4 d5 2. c4 e6 3. Nc3 c5 4. cxd5 exd5 5. dxc5 d4 6. Na4 Nc6 7. Bd2 Nf6 8. Nf3 Ne4 9. b4 g5 10. b5 Na5 11. e3 Bg7 12. Bd3 Nxd2 13. Qxd2 dxe3 14. Qxe3+ Qe7 15. Qxe7+ Kxe7 16. Rd1 Be6 17. Nxg5 Bxa2 18. O-O Bb3 19. Rde1+ Kf8 20. Re4 Rd8 21. Be2 Bf6 22. Nf3 Kg7 23. Rg4+ Kh6 24. Rc1 Rhe8 25. Kf1 Bd5 26. Nc3 Bxf3 27. gxf3 Nb3 28. Rc2 Rd2 29. Bd1 Bxc3 30. Rxc3 Rxd1+ 31. Kg2 Nd4 32. f4 Rg1+ 0-1

[Event "Novi Sad (ol)"]
[Site "?"]
[Date "1990.??.??"]
[Round "?"]
[White "Knaak, R."]
[Black "Petursson, M."]
[Result "1-0"]
[WhiteElo "2515"]
[BlackElo "2550"]
[PlyCount "113"]
[EventDate "1990.??.??"]
[Source "ChessBase"]
[SourceDate "1990.07.01"]

1. d4 d5 2. c4 e6 3. Nc3 c5 4. cxd5 exd5 5. Nf3 Nc6 6. dxc5 d4 7. Na4 Bxc5 8. Nxc5 Qa5+ 9. Qd2 Qxc5 10. e3 dxe3 11. Qxe3+ Qxe3+ 12. Bxe3 Nge7 13. Bc4 Be6 14. Bxe6 fxe6 15. Ng5 Kd7 16. O-O-O+ Nd5 17. Rhe1 Ncb4 18. a3 Rac8+ 19. Kb1 Nc2 20. Re2 Ncxe3 21. Rxe3 Rce8 22. Re5 Rhf8 23. f3 Kd6 24. f4 h6 25. Nxe6 Rxe6 26. Rexd5+ Kc6 27. f5 Ref6 28. Rd7 Rxf5 29. R1d6+ Kc5 30. Rg6 R8f7 31. Rxg7 Rxd7 32. Rxd7 Kc6 33. Rd2 a5 34. Kc2 a4 35. Kd3 Rh5 36. g3 Kd5 37. h4 Re5 38. g4 Re4 39. Rg2 Rd4+ 40. Ke3 Ke5 41. h5 Re4+ 42. Kf3 Rf4+ 43. Kg3 Re4 44. Rf2 Re3+ 45. Rf3 Re2 46. Rf5+ Kd6 47. Rf6+ Re6 48. Rg6 Ke5 49. Kh4 Rf6 50. Rg7 Rb6 51. g5 hxg5+ 52. Rxg5+ Kf4 53. Rg4+ Kf5 54. Rb4 Rd6 55. Rxa4 Rd5 56. Rg4 Rd1 57. Rb4 1-0

[Event "European Club Cup 2002"]
[Site "?"]
[Date "2002.09.28"]
[Round "7.99"]
[White "Maksimenko Andriy"]
[Black "Kosic Dragan"]
[Result "1/2-1/2"]
[WhiteElo "2523"]
[BlackElo "2542"]
[PlyCount "76"]
[EventDate "2002.??.??"]
[Source "www.chesslib.no"]
[SourceDate "2004.05.04"]

1. d4 d5 2. c4 e6 3. Nc3 c5 4. cxd5 exd5 5. dxc5 d4 6. Na4 Bxc5 7. Nxc5 Qa5+ 8. Bd2 Qxc5 9. Rc1 Qf5 10. Qa4+ Nc6 11. Nf3 Qd5 12. b4 b5 13. Qa3 Nge7 14. e3 dxe3 15. fxe3 a5 16. bxa5 b4 17. Bxb4 Nxb4 18. Qxb4 Qxa5 19. Qxa5 Rxa5 20. Bc4 Be6 21. Bxe6 fxe6 22. Rc7 Rxa2 23. O-O Rf8 24. Rb1 Ra8 25. Rbb7 Rf7 26. h4 Rc8 27. Rd7 Rd8 28. Rdc7 Rc8 29. Rd7 Rd8 30. Rxd8+ Kxd8 31. Ng5 Rf6 32. Nxh7 Rg6 33. Nf8 Rh6 34. Rb6 Nf5 35. Rxe6 Rxe6 36. Nxe6+ Ke7 37. e4 Kxe6 38. exf5+ Kxf5 1/2-1/2

[Event "Ch Belgium (team) 2006/07"]
[Site "Belgium"]
[Date "2007.12.08"]
[Round "7"]
[White "Winants Luc (BEL)"]
[Black "Berelovich Aleksandar (UKR)"]
[Result "1/2-1/2"]
[WhiteElo "2516"]
[BlackElo "2549"]
[PlyCount "46"]
[EventDate "2007.??.??"]
[Source "www.chesslib.no"]
[SourceDate "2004.05.04"]

1. d4 e6 2. c4 d5 3. Nc3 c5 4. cxd5 exd5 5. Nf3 Nc6 6. Bg5 Be7 7. Bxe7 Ngxe7 8. e3 Qb6 9. Qd2 cxd4 10. Nxd4 Nxd4 11. exd4 O-O 12. Be2 Nf5 13. Rd1 Be6 14. O-O Rac8 15. Rfe1 Qb4 16. g3 Rfd8 17. Bf1 Nd6 18. Re5 Nc4 19. Bxc4 dxc4 20. d5 Bh3 21. Rde1 h6 22. Re7 Be6 23. R1xe6 fxe6 1/2-1/2

[Event "Dieren op"]
[Site "Dieren"]
[Date "2002.07.17"]
[Round "8"]
[White "Savchenko, Stanislav"]
[Black "Safin, Shukhrat"]
[Result "1-0"]
[WhiteElo "2537"]
[BlackElo "2525"]
[PlyCount "87"]
[EventDate "2002.07.09"]
[Source "ChessBase"]
[SourceDate "2002.09.11"]

1. d4 d5 2. c4 e6 3. Nc3 c5 4. cxd5 exd5 5. Nf3 Nc6 6. Bf4 Nf6 7. e3 c4 8. Be2 Bb4 9. O-O Qa5 10. Qc2 Ne7 11. a3 Bxc3 12. bxc3 Ng6 13. Be5 Ne4 14. Rfc1 f6 15. Bg3 h5 16. Nd2 Bf5 17. Nxe4 Bxe4 18. Qb2 Qa6 19. f3 h4 20. fxe4 hxg3 21. h3 dxe4 22. Rab1 b6 23. Qb4 Rc8 24. Qd6 Ne7 25. Qe6 Rc6 26. Qxe4 Qc8 27. Qf3 Qc7 28. a4 O-O 29. Rb5 f5 30. Re5 Rg6 31. Rf1 Kh8 32. Qf4 Rh6 33. Rxf5 Qxf4 34. Rxf8+ Qxf8 35. Rxf8+ Kh7 36. Bxc4 Rc6 37. Bd3+ Ng6 38. c4 Rxc4 39. Bxc4 Nxf8 40. Kf1 Ng6 41. Bd3 Kh6 42. Bxg6 Kxg6 43. Ke2 a6 44. e4 1-0

[Event "Tarrassa"]
[Site "Tarrassa"]
[Date "1990.??.??"]
[Round "2"]
[White "Spraggett, Kevin"]
[Black "Rodriguez Vargas, Orestes"]
[Result "0-1"]
[WhiteElo "2555"]
[BlackElo "2500"]
[PlyCount "66"]
[EventDate "1990.04.??"]
[Source "ChessBase"]

1. c4 e6 2. Nc3 d5 3. d4 c5 4. cxd5 exd5 5. Nf3 Nc6 6. e3 Nf6 7. Be2 cxd4 8. Nxd4 Bd6 9. O-O O-O 10. Nf3 Be6 11. Nb5 Bc5 12. b3 Qe7 13. Bb2 Ne4 14. Nbd4 Rac8 15. Nxc6 bxc6 16. Rc1 f6 17. Qd3 Bd6 18. Qa6 c5 19. Rfe1 Rc7 20. g3 Rb8 21. Ba3 Rb6 22. Qa5 Bg4 23. Rcd1 Qe6 24. Rd3 Bf8 25. Red1 Rd7 26. b4 c4 27. Rxd5 Rxd5 28. Rxd5 Nc3 29. Bxc4 Bxf3 30. Rd4 Qxc4 31. Rxc4 Rd6 32. Rd4 Ne2+ 33. Kf1 Nxd4 0-1

[Event "Rimavska Sobota"]
[Site "Rimavska Sobota"]
[Date "1991.??.??"]
[Round "10"]
[White "Lputian, Smbat G"]
[Black "Tseitlin, Mikhail S"]
[Result "1-0"]
[WhiteElo "2565"]
[BlackElo "2490"]
[PlyCount "79"]
[EventDate "1991.05.??"]
[Source "ChessBase"]

1. d4 d5 2. c4 e6 3. Nc3 c5 4. cxd5 exd5 5. Nf3 Nc6 6. Bg5 f6 7. Be3 c4 8. g3 Bb4 9. Bg2 Nge7 10. O-O O-O 11. Ne1 Bf5 12. Nc2 Ba5 13. f3 b5 14. Bf2 b4 15. Na4 Bb6 16. e4 Be6 17. Re1 Re8 18. Bf1 Rc8 19. Rc1 Bf7 20. exd5 Qxd5 21. Nxb6 axb6 22. Ne3 Qxd4 23. Nxc4 Qxd1 24. Rcxd1 Nd5 25. Rxe8+ Rxe8 26. Nd6 Rd8 27. Nxf7 Kxf7 28. Bc4 Ke6 29. Bxb6 Rd7 30. Kf2 Nce7 31. Ba5 Nc6 32. Bb6 Nce7 33. Bc5 Rc7 34. Re1+ Kd7 35. Bb5+ Kc8 36. Bd6 Ra7 37. a4 bxa3 38. bxa3 Nf5 39. Re8+ Kb7 40. Rb8# 1-0

[Event "Sants"]
[Site "?"]
[Date "2006.08.28"]
[Round "4"]
[White "Leitao Rafael"]
[Black "Lapshun Yury"]
[Result "1/2-1/2"]
[WhiteElo "2598"]
[BlackElo "2452"]
[PlyCount "109"]
[EventDate "2006.??.??"]
[Source "www.chesslib.no"]
[SourceDate "2004.05.04"]

1. d4 d5 2. c4 e6 3. Nc3 c5 4. cxd5 exd5 5. Nf3 Nf6 6. Bg5 Be7 7. dxc5 Be6 8. e3 O-O 9. Be2 Nbd7 10. O-O Nxc5 11. Rc1 Nce4 12. Nxe4 dxe4 13. Nd4 Qd5 14. Bxf6 Bxf6 15. Bc4 Qe5 16. Nxe6 fxe6 17. Qd7 b6 18. Qxe6+ Kh8 19. Qxe5 Bxe5 20. b3 Rad8 21. Rfd1 Bb2 22. Rb1 Bf6 23. Rd5 Rxd5 24. Bxd5 Re8 25. Rc1 h6 26. Bf7 Rd8 27. Kf1 Kh7 28. Ke2 Rd7 29. Be8 Re7 30. Rc8 Re5 31. g3 h5 32. h4 Kh6 33. Bf7 g5 34. hxg5+ Rxg5 35. Re8 Kg7 36. Bc4 b5 37. Rg8+ Kh6 38. Rxg5 Kxg5 39. Bxb5 Bc3 40. Bc6 Kf5 41. Be8 Kg5 42. f3 exf3+ 43. Kxf3 a5 44. a3 Bd2 45. e4 Bc1 46. b4 axb4 47. axb4 Ba3 48. b5 Bd6 49. b6 Bc5 50. b7 Bd6 51. Ke3 Bxg3 52. Kd4 Kf6 53. Bxh5 Bh2 54. Kd5 Bb8 55. Kc6 1/2-1/2

[Event "Agneaux Saint Lo op-5"]
[Site "Agneaux Saint Lo"]
[Date "2001.02.17"]
[Round "6"]
[White "Liang Chong"]
[Black "Li Shilong"]
[Result "0-1"]
[WhiteElo "2573"]
[BlackElo "2474"]
[PlyCount "60"]
[EventDate "2001.02.14"]
[Source "www.chesslib.no"]
[SourceDate "2004.05.04"]

1. d4 e6 2. c4 d5 3. Nc3 c5 4. cxd5 exd5 5. Nf3 Nc6 6. e3 Nf6 7. Be2 cxd4 8. Nxd4 Bd6 9. O-O O-O 10. Nf3 a6 11. b3 Re8 12. Bb2 Bc7 13. Qd2 Qd6 14. Rfd1 Be6 15. g3 Rad8 16. Nd4 Ne5 17. Rac1 Bb8 18. Qe1 h5 19. Nf3 Neg4 20. Bf1 Ba7 21. Nd4 h4 22. Bg2 hxg3 23. hxg3 Qe5 24. Nce2 Qh5 25. Nf4 Qh2+ 26. Kf1 Bd7 27. a4 Ne4 28. Bxe4 Rxe4 29. Nf3 Nxe3+ 30. Qxe3 Bh3+ 0-1

[Event "13. Salona"]
[Site "?"]
[Date "2005.12.17"]
[Round "10"]
[White "Kovacevic Blazimir"]
[Black "Lugovoi Aleksei"]
[Result "1/2-1/2"]
[WhiteElo "2493"]
[BlackElo "2547"]
[PlyCount "77"]
[EventDate "2005.??.??"]
[Source "www.chesslib.no"]
[SourceDate "2004.05.04"]

1. d4 d5 2. c4 e6 3. Nc3 c5 4. cxd5 exd5 5. Nf3 Nc6 6. Bf4 Nf6 7. e3 cxd4 8. Nxd4 Be7 9. Be2 O-O 10. O-O Be6 11. Qd3 Rc8 12. Rfd1 Qb6 13. Qb5 Nxd4 14. Rxd4 Qxb5 15. Bxb5 Rfd8 16. Rdd1 a6 17. Ba4 Ne4 18. Be5 f6 19. Bd4 Kf7 20. f3 Nc5 21. Bc2 Nd7 22. Rac1 g6 23. Ne2 Ne5 24. Nf4 Nc4 25. Bd3 Ne5 26. Bc2 Nc4 27. Bd3 Ne5 28. Bb1 Rxc1 29. Rxc1 Nc6 30. Bb6 Rd7 31. a3 Bd8 32. Bxd8 Rxd8 33. Ba2 Ke7 34. Nxe6 Kxe6 35. Kf2 Ne7 36. Rd1 f5 37. Rd2 Kf6 38. h4 Ke5 39. Rc2 1/2-1/2

[Event "Bermuda Open"]
[Site "Southampton"]
[Date "2003.02.09"]
[Round "4"]
[White "Kallio, Heikki"]
[Black "Christiansen, Larry Mark"]
[Result "1-0"]
[WhiteElo "2474"]
[BlackElo "2562"]
[PlyCount "182"]
[EventDate "2003.02.07"]
[Source "Roberto Alvarez"]
[SourceDate "2003.07.07"]

1. d4 d5 2. c4 e6 3. Nc3 c5 4. cxd5 exd5 5. Nf3 Nc6 6. dxc5 d4 7. Na4 Bg4 8. Bd2 Be7 9. b4 b5 10. Nb2 Nf6 11. Nd3 O-O 12. g3 Bxf3 13. exf3 Nd5 14. Bg2 Nc3 15. Qc2 Qd5 16. a3 Qe6+ 17. Kf1 a5 18. bxa5 Rxa5 19. Bxc3 dxc3 20. f4 Bf6 21. Re1 Qd7 22. Nb4 Nxb4 23. axb4 Ra4 24. Be4 Rxb4 25. Bxh7+ Kh8 26. Qf5 Qxf5 27. Bxf5 g6 28. Bd7 Rb2 29. c6 Bd8 30. Kg2 b4 31. Ra1 c2 32. h4 Kg7 33. Rhc1 b3 34. Kf3 Rh8 35. Ke3 Rh5 36. f5 gxf5 37. f4 Rh6 38. Kd3 Rg6 39. Kc3 Rxg3+ 40. Kb4 Be7+ 41. Kc4 Bd6 42. Bxf5 Bxf4 43. Rf1 Be5 44. Rg1 Rxg1 45. Rxg1+ Kh6 46. Kb4 c1=Q 47. Rxc1 Rf2 48. c7 Bxc7 49. Rxc7 Rxf5 50. Kxb3 Kh5 51. Rc4 Rf2 52. Kc3 f5 53. Kd3 f4 54. Rc1 Kg4 55. Rh1 Ra2 56. h5 Ra3+ 57. Kd2 Ra2+ 58. Kd3 Ra8 59. h6 Rd8+ 60. Ke2 f3+ 61. Kf2 Rd2+ 62. Ke3 Re2+ 63. Kd3 Re8 64. Rg1+ Kf4 65. Rg7 Rd8+ 66. Kc2 f2 67. Rf7+ Kg3 68. h7 Kg2 69. Rg7+ Kf1 70. Rg8 Rd2+ 71. Kc3 Ke1 72. Rf8 Re2 73. h8=Q f1=Q 74. Qh4+ Rf2 75. Re8+ Qe2 76. Qh1+ Rf1 77. Rxe2+ Kxe2 78. Qe4+ Kf2 79. Kd2 Kg3 80. Qg6+ Kf2 81. Qf5+ Kg2 82. Qg4+ Kf2 83. Kd3 Rh1 84. Qf4+ Kg2 85. Ke2 Rg1 86. Qh4 Ra1 87. Qg5+ Kh1 88. Qh6+ Kg2 89. Qg7+ Kh3 90. Qxa1 Kg4 91. Qa4+ Kf5 1-0

[Event "Oberliga Ost-B 0203"]
[Site "?"]
[Date "2003.02.23"]
[Round "8.1"]
[White "Cicak Slavko"]
[Black "Galdunts Sergey"]
[Result "1-0"]
[WhiteElo "2534"]
[BlackElo "2496"]
[PlyCount "69"]
[EventDate "2003.??.??"]
[Source "www.chesslib.no"]
[SourceDate "2004.05.04"]

1. d4 d5 2. c4 e6 3. Nc3 c5 4. cxd5 exd5 5. Nf3 Nc6 6. Bg5 Be7 7. Bxe7 Ngxe7 8. dxc5 d4 9. Nb1 O-O 10. g3 Nf5 11. Bg2 Qa5+ 12. Qd2 Qxc5 13. O-O Be6 14. Na3 Rfd8 15. Rfd1 Rac8 16. Ng5 Bd7 17. Qf4 h6 18. Nf3 Qe7 19. Re1 g5 20. Qc1 Be6 21. b3 d3 22. Qb2 Nb4 23. e4 d2 24. Red1 Nd3 25. Qxd2 Nc1 26. Qe1 Rxd1 27. Qxd1 Qxa3 28. exf5 Bxf5 29. Bf1 Qb2 30. Qd4 Rc3 31. Qf6 Bg6 32. Bc4 Ne2+ 33. Kg2 Bh5 34. Bxf7+ Bxf7 35. Rd1 1-0

[Event "Dhaka"]
[Site "Dhaka"]
[Date "1995.??.??"]
[Round "13"]
[White "Krasenkow, Michal"]
[Black "Magomedov, Magaram"]
[Result "1-0"]
[WhiteElo "2575"]
[BlackElo "2455"]
[PlyCount "49"]
[EventDate "1995.??.??"]
[Source "ChessBase"]

1. d4 d5 2. c4 e6 3. Nc3 c5 4. cxd5 exd5 5. Nf3 Nc6 6. dxc5 d4 7. Na4 b5 8. cxb6 axb6 9. e3 Bb4+ 10. Bd2 dxe3 11. Bxb4 Qxd1+ 12. Rxd1 Rxa4 13. Bc3 Nge7 14. fxe3 Rxa2 15. Bxg7 Rg8 16. Bc3 Ra8 17. Kf2 Bf5 18. Bb5 Be4 19. Rd6 Rg6 20. Rhd1 Rxd6 21. Rxd6 Rd8 22. Rf6 Rc8 23. Ne5 Bd5 24. Rh6 Kf8 25. Nd7+ 1-0

[Event "Beersheba"]
[Site "Beersheba"]
[Date "1988.??.??"]
[Round "?"]
[White "Lev, Ronen"]
[Black "Kortschnoj, Viktor"]
[Result "1/2-1/2"]
[WhiteElo "2390"]
[BlackElo "2640"]
[PlyCount "151"]
[EventDate "1988.02.??"]
[Source "ChessBase"]

1. d4 d5 2. c4 e6 3. Nc3 c5 4. cxd5 exd5 5. Nf3 Nc6 6. Bg5 Be7 7. Bxe7 Ngxe7 8. e3 c4 9. Be2 O-O 10. O-O Bg4 11. h3 Bh5 12. b3 Qa5 13. Rc1 b5 14. bxc4 bxc4 15. e4 dxe4 16. Nxe4 Bxf3 17. Bxf3 Rad8 18. Rxc4 Qxa2 19. Ra4 Qb2 20. d5 Nxd5 21. Qa1 Qxa1 22. Rfxa1 Ndb4 23. Nc5 Rc8 24. Nb3 Rb8 25. Nc5 Rb5 26. Na6 Nd5 27. Nc7 Nxc7 28. Bxc6 Rb6 29. Bf3 Nb5 30. Ra5 Rfb8 31. Bd5 g6 32. Bc4 Nd6 33. Bd3 Nc8 34. Ba6 Rb1+ 35. Kh2 Rxa1 36. Rxa1 Nd6 37. Bd3 Rb3 38. Bf1 Rb7 39. Kg3 Ne4+ 40. Kf4 Re7 41. Ra2 Nc3 42. Ra3 Nd5+ 43. Kf3 Kg7 44. Ra5 Nb4 45. Ra4 Nc6 46. Bb5 Ne5+ 47. Kg3 f6 48. f4 Nf7 49. Ra6 Nh6 50. Kf2 Nf5 51. Bd3 Nd4 52. Bc4 Rc7 53. Bd5 h5 54. g4 h4 55. Ra5 Re7 56. Ra4 Nb5 57. Ra5 Nc3 58. Bf3 Kf7 59. Ra6 Nb5 60. Ra5 Nd6 61. Bd5+ Kg7 62. Ra6 Nc8 63. Ba2 Nb6 64. Ra5 Rc7 65. Ra6 Kf8 66. Kf3 Nd7 67. Bb1 Kg7 68. Ba2 Nc5 69. Ke3 Re7+ 70. Kf3 g5 71. fxg5 fxg5 72. Ra5 Ne4 73. Rd5 Kh6 74. Bb1 Nf6 75. Rd6 Kg7 76. Ra6 1/2-1/2

[Event "ZAZ Cup"]
[Site "Zaporozhye"]
[Date "2004.09.28"]
[Round "11"]
[White "Weetik, Vjacheslav"]
[Black "Vysochin, Spartak"]
[Result "0-1"]
[WhiteElo "2428"]
[BlackElo "2599"]
[PlyCount "64"]
[EventDate "2004.09.19"]
[Source "Roberto Alvarez"]
[SourceDate "2004.10.18"]

1. d4 d5 2. c4 e6 3. Nc3 c5 4. cxd5 exd5 5. Nf3 Nc6 6. Bg5 f6 7. Be3 c4 8. g3 Bb4 9. Bg2 Nge7 10. h4 O-O 11. h5 Be6 12. Qd2 Qd7 13. Nh4 b5 14. Bf3 Ba5 15. Kf1 a6 16. Kg2 Bb6 17. Rag1 Rac8 18. Rh2 Na7 19. Kh1 b4 20. g4 bxc3 21. bxc3 Bc7 22. Rhg2 g5 23. hxg6 hxg6 24. Bh6 Rf7 25. g5 f5 26. Bh5 Rg7 27. f4 gxh5 28. Bxg7 Kxg7 29. g6 Ng8 30. Rg5 Nf6 31. Qc2 Nb5 32. Rxf5 Na3 0-1

[Event "Kostic mem"]
[Site "?"]
[Date "1979.??.??"]
[Round "10"]
[White "Sahovic Dragutin"]
[Black "Marjanovic Slavoljub"]
[Result "1/2-1/2"]
[WhiteElo "2520"]
[BlackElo "2505"]
[PlyCount "32"]
[EventDate "1979.??.??"]
[Source "www.chesslib.no"]
[SourceDate "2004.05.04"]

1. d4 d5 2. c4 e6 3. cxd5 exd5 4. Nc3 c5 5. Nf3 Nc6 6. Bg5 Be7 7. Bxe7 Ngxe7 8. e3 cxd4 9. Nxd4 Qb6 10. Qd2 Nxd4 11. Qxd4 Qxd4 12. exd4 Be6 13. Bb5+ Kd8 14. O-O Rc8 15. Rac1 Nf5 16. Rfd1 Ke7 1/2-1/2

[Event "Julian Borowski-B"]
[Site "Essen"]
[Date "2000.04.28"]
[Round "2"]
[White "Pelletier, Yannick"]
[Black "Fridman, Daniel"]
[Result "1/2-1/2"]
[WhiteElo "2478"]
[BlackElo "2539"]
[PlyCount "92"]
[EventDate "2000.04.27"]
[Source "ChessBase"]
[SourceDate "2000.07.27"]

1. d4 d5 2. c4 e6 3. Nc3 c5 4. cxd5 exd5 5. Nf3 Nc6 6. Bg5 f6 7. Bf4 Be6 8. e3 c4 9. Bxc4 dxc4 10. d5 Bxd5 11. Nxd5 Qa5+ 12. Qd2 O-O-O 13. Qxa5 Nxa5 14. O-O-O Ne7 15. Nc7 Nec6 16. Rxd8+ Nxd8 17. g4 Be7 18. h4 Ndc6 19. Ne6 Nb4 20. Kb1 Nd3 21. Bg3 Rg8 22. Nfd4 Kd7 23. Rd1 Bd6 24. Bxd6 Kxd6 25. Nf4 Nxf4 26. exf4 Nc6 27. f5 Ne5 28. Nf3+ Kc6 29. Nxe5+ fxe5 30. f4 e4 31. Rd4 Re8 32. Kc2 e3 33. Kd1 e2+ 34. Ke1 b5 35. g5 Rf8 36. f6 gxf6 37. Kxe2 fxg5 38. fxg5 Rf7 39. h5 Rg7 40. Rg4 Kd5 41. g6 hxg6 42. h6 Rg8 43. Ke3 Ke5 44. h7 Rh8 45. Rxg6 Rxh7 46. Rg5+ Kd6 1/2-1/2